Nuevo diccionario latino español etimológico

Guardat en:
Dades bibliogràfiques
Format: Llibre
Idioma:espanyol
llatí
Publicat: Madrid General Victoriano Suárez 1952
Edició:26a. ed
Matèries:
Etiquetes: Afegir etiqueta
Sense etiquetes, Sigues el primer a etiquetar aquest registre!

MARC

LEADER 00000nam a2200000 a 4500
001 UCU4381
003 CL-VaPUC
008 960517e19520000SP |||||||||||||||||spa|d
041 0 7 |a spa  |2 CL-VaPUC 
041 0 7 |a lat  |2 CL-VaPUC 
082 0 4 |a 473.61  |b NUE  |2 21 
245 1 0 |a Nuevo diccionario latino español etimológico 
250 |a 26a. ed 
300 |a p. v 
942 |c BK 
945 |d 19960517 00:00:00  |a rleighto 
260 |a Madrid  |b General Victoriano Suárez  |c 1952 
650 0 |a Diccionarios  |9 256200 
650 0 |a Latín   |9 269544 
650 0 |a Español  |9 255372 
650 0 |a Etimología  |9 337976 
583 |a last modification  |c 19960517 00:00:00  |k Rodrigo Vera 
999 |c 248114  |d 248112 
952 |0 0  |1 0  |4 0  |6 473_610000000000000_NUE_1952  |7 0  |8 X  |9 264535  |a BIBCUR  |b BIBCUR  |d 2019-11-19  |i 3199673  |o 473.61 NUE 1952  |p 3199673  |r 2025-04-22  |w 2019-11-19  |y BK_X  |k BCB